000 00505cam a22002171 4500
001 sa 64009014
003 DLC
005 20260227112058.0
008 890621s1961 ii 000 0 beno
010 _asa 64009014
035 _a(OCoLC)19906536
040 _aDLC
_cWaU
_dDLC
042 _apremarc
050 0 0 _aPK1701
_b.B6
100 1 _aBose, Buddhadeva.
245 1 0 _aSāhityacarcā.
260 _c[1961]
300 _a158 p.
_c22 cm.
500 _aIn Bengali.
650 0 _aBengali literature.
999 _c61188
_d61188